[Event "32. Abierto Ciudad de Sevilla"]
[Site "Sevilla ESP"]
[Date "2007.01.14"]
[Round "8.1"]
[White "Van der Weide, Karel"]
[Black "Spraggett, Kevin"]
[Result "1-0"]
[WhiteElo "2476"]
[BlackElo "2633"]
[PlyCount "62"]
[EventDate "2007.01.07"]
[EventType "swiss"]
[EventRounds "9"]
[EventCountry "ESP"]
[Source "lmi"]
[SourceDate "2007.01.07"]

1. e4 c5 2. Nf3 Nc6 3. d4 cxd4 4. Nxd4 Qb6 5. Nb3 Nf6 6. Nc3 e6 7. Bd3 d6 8. f4
a6 9. Qf3 Be7 10. Be3 Qc7 11. g4 b5 12. g5 Nd7 13. O-O-O Nb6 14. Kb1 Na4 15.
Ne2 Bd7 16. h4 O-O-O 17. Rc1 Kb8 18. c4 Qb7 19. cxb5 axb5 20. e5 Nb4 21. Qxb7+
Kxb7 22. exd6 Bxd6 23. Be4+ Nd5 24. Bd4 Rhg8 25. Bxh7 Nxf4 26. Nxf4 Bxf4 27.
Bxg8 e5 28. Bh7 exd4 29. Rcf1 Be3 30. Rxf7 Kc6 31. Bf5 Be8 1-0

[Event "32. Abierto Ciudad de Sevilla"]
[Site "Sevilla ESP"]
[Date "2007.01.14"]
[Round "8.3"]
[White "Burmakin, Vladimir"]
[Black "Tissir, Mohamed"]
[Result "1/2-1/2"]
[WhiteElo "2568"]
[BlackElo "2482"]
[PlyCount "147"]
[EventDate "2007.01.07"]
[EventType "swiss"]
[EventRounds "9"]
[EventCountry "ESP"]
[Source "lmi"]
[SourceDate "2007.01.07"]

1. Nf3 Nf6 2. c4 e6 3. g3 d5 4. b3 g6 5. Bb2 Bg7 6. Bg2 O-O 7. O-O b6 8. d4 Bb7
9. cxd5 exd5 10. Nc3 Nbd7 11. Rc1 a6 12. Ne5 Re8 13. Nd3 h5 14. Nf4 Nf8 15. e3
N8h7 16. Nd3 Nf8 17. Ne2 Ne4 18. Qc2 Rc8 19. Bh3 Nd7 20. Nef4 Ng5 21. Bg2 Ne4
22. Rfd1 Qe7 23. Qe2 c5 24. dxc5 bxc5 25. Bxg7 Kxg7 26. Qb2+ Kh6 27. Ne2 Kh7
28. Ndf4 Ndf6 29. Nc3 Nxc3 30. Qxc3 Ne4 31. Qb2 Red8 32. Ne2 Qe6 33. Nf4 Qe7
34. h4 Kg8 35. Rc2 Kh7 36. Qa3 Qe5 37. Qa5 Qe7 38. Rdc1 Rd6 39. Qe1 Rdd8 40.
Ne2 Nf6 41. Qa5 Ne4 42. Nc3 Nxc3 43. Rxc3 d4 44. Bxb7 Qxb7 45. Rd3 Qf3 46. Qxa6
Ra8 47. exd4 Qf5 48. Qc4 Rxa2 49. Rf1 cxd4 50. Rxd4 Rc8 51. Qd3 Qxd3 52. Rxd3
Rb2 53. Rf3 Rc7 54. Rd1 Kg7 55. Rdd3 Rb7 56. Rc3 Rb1+ 57. Kg2 Rb2 58. Rfd3 Re7
59. Re3 Rd7 60. Rf3 Rb7 61. Kh3 Kh6 62. Kg2 Kg7 63. Kf1 Ra7 64. Rce3 Ra1+ 65.
Re1 Ra7 66. Re2 Ra1+ 67. Re1 Ra7 68. Kg2 Rb7 69. Ree3 Rd7 70. Kh3 Kh6 71. Rd3
Re7 72. g4 hxg4+ 73. Kxg4 Re4+ 74. Kh3 1/2-1/2

[Event "32. Abierto Ciudad de Sevilla"]
[Site "Sevilla ESP"]
[Date "2007.01.14"]
[Round "8.4"]
[White "Epishin, Vladimir"]
[Black "Komljenovic, Davor"]
[Result "0-1"]
[WhiteElo "2554"]
[BlackElo "2481"]
[PlyCount "76"]
[EventDate "2007.01.07"]
[EventType "swiss"]
[EventRounds "9"]
[EventCountry "ESP"]
[Source "lmi"]
[SourceDate "2007.01.07"]

1. d4 Nf6 2. c4 g6 3. Nc3 d5 4. Nf3 Bg7 5. Qb3 dxc4 6. Qxc4 O-O 7. e4 a6 8. Qb3
b5 9. e5 Nfd7 10. e6 fxe6 11. Be3 Nb6 12. Rd1 Nc6 13. Be2 Na5 14. Qc2 Nac4 15.
O-O Bb7 16. Bc1 Nd6 17. b3 Qe8 18. Ba3 Qc6 19. Bc5 Rf4 20. Rc1 Raf8 21. Nd1
Rxf3 22. Bxf3 Rxf3 23. Ne3 Rf7 24. f3 Qd7 25. Ng4 Nf5 26. Qe2 Nxd4 27. Bxd4
Qxd4+ 28. Kh1 Qd6 29. Qe3 Bd5 30. Rf2 Nd7 31. Nh6+ Bxh6 32. Qxh6 c6 33. Qe3 Qf4
34. Qc3 Nf6 35. Rcc2 e5 36. Kg1 Qd4 37. Qe1 e4 38. Rcd2 Qa7 0-1

[Event "32. Abierto Ciudad de Sevilla"]
[Site "Sevilla ESP"]
[Date "2007.01.14"]
[Round "8.5"]
[White "Teran Alvarez, Ismael"]
[Black "Lopez Martinez, Josep Manuel"]
[Result "0-1"]
[WhiteElo "2417"]
[BlackElo "2550"]
[PlyCount "56"]
[EventDate "2007.01.07"]
[EventType "swiss"]
[EventRounds "9"]
[EventCountry "ESP"]
[Source "lmi"]
[SourceDate "2007.01.07"]

1. e4 c6 2. d4 d5 3. e5 Bf5 4. Nf3 e6 5. Be2 Nd7 6. O-O Bg6 7. Nbd2 Nh6 8. Nb3
Nf5 9. c3 Be7 10. a4 a6 11. Bd2 O-O 12. g4 Nh6 13. Ne1 f6 14. exf6 Bxf6 15. f4
Be7 16. Be3 Bd6 17. Ng2 Be4 18. h3 Qc7 19. Nc5 Bxg2 20. Nxe6 Bxf1 21. Nxc7 Bxe2
22. Qxe2 Bxc7 23. f5 Nf7 24. Qf3 Rae8 25. Bf4 Bxf4 26. Qxf4 Nf6 27. Rf1 h6 28.
a5 Re7 0-1

[Event "32. Abierto Ciudad de Sevilla"]
[Site "Sevilla ESP"]
[Date "2007.01.14"]
[Round "8.6"]
[White "Dizdar, Goran"]
[Black "Parligras, Mircea"]
[Result "1/2-1/2"]
[WhiteElo "2541"]
[BlackElo "2494"]
[PlyCount "113"]
[EventDate "2007.01.07"]
[EventType "swiss"]
[EventRounds "9"]
[EventCountry "ESP"]
[Source "lmi"]
[SourceDate "2007.01.07"]

1. d4 Nf6 2. Nf3 e6 3. c4 b6 4. g3 Ba6 5. Qa4 Bb7 6. Bg2 c5 7. dxc5 bxc5 8. O-O
Be7 9. Nc3 O-O 10. Rd1 Qb6 11. Bf4 d6 12. Rd2 Nc6 13. Qb5 Qc7 14. Rad1 Rfd8 15.
Qa4 a6 16. Ng5 Nd4 17. Nge4 Nxe4 18. Bxe4 f5 19. Bxb7 Qxb7 20. Rb1 Rab8 21. Qd1
Qc6 22. Rc1 Rb7 23. Qf1 Bf6 24. Be3 g5 25. Qg2 Qxg2+ 26. Kxg2 Kf7 27. b3 h5 28.
h3 Nc6 29. Na4 Ke7 30. Rcd1 Nd4 31. f3 Rbb8 32. Bf2 g4 33. hxg4 hxg4 34. f4 Bg7
35. Bg1 Bf6 36. Bf2 Bg7 37. Rh1 Rh8 38. Rxh8 Bxh8 39. Nb2 Nc6 40. Na4 Nd4 41.
Bxd4 Bxd4 42. Rd3 e5 43. Rd1 exf4 44. gxf4 Kd7 45. Re1 Kc6 46. e3 Re8 47. Kf2
Bf6 48. Rd1 Rh8 49. Rd5 Rh2+ 50. Kg1 Re2 51. Rxf5 Bh4 52. Nc3 Rxe3 53. Nd5 Re1+
54. Kg2 Re2+ 55. Kg1 Re1+ 56. Kg2 Re2+ 57. Kg1 1/2-1/2

[Event "32. Abierto Ciudad de Sevilla"]
[Site "Sevilla ESP"]
[Date "2007.01.14"]
[Round "8.8"]
[White "Paunovic, Dragan"]
[Black "Gavrilov, Alexei"]
[Result "1/2-1/2"]
[WhiteElo "2516"]
[BlackElo "2465"]
[PlyCount "126"]
[EventDate "2007.01.07"]
[EventType "swiss"]
[EventRounds "9"]
[EventCountry "ESP"]
[Source "lmi"]
[SourceDate "2007.01.07"]

1. d4 Nf6 2. Nf3 d5 3. c4 e6 4. Nc3 Be7 5. Bg5 h6 6. Bxf6 Bxf6 7. e3 O-O 8. Qd2
c6 9. Be2 Nd7 10. O-O b6 11. Rac1 Bb7 12. cxd5 exd5 13. Rfd1 Be7 14. Bf1 Bd6
15. g3 Qe7 16. Bg2 Nf6 17. Qc2 g6 18. a3 Kg7 19. Nd2 Rac8 20. e4 dxe4 21. Ndxe4
Bb8 22. Nxf6 Qxf6 23. Ne4 Qf5 24. Re1 Rce8 25. Re3 Re6 26. Rce1 Bc8 27. Qc3 f6
28. b4 Rfe8 29. Nd2 Bd7 30. Rxe6 Rxe6 31. Rxe6 Qxe6 32. Nf1 Qd6 33. Ne3 Bc7 34.
h4 h5 35. d5 cxd5 36. Bxd5 Qe5 37. Qd3 Bc8 38. Qc4 Bd7 39. Qd3 Be8 40. Qa6 Bb8
41. Qc8 Bd6 42. Bb3 Bf8 43. Qb7+ Qe7 44. Qd5 Bf7 45. Qd3 Be8 46. Qc4 Bf7 47.
Qc2 Be8 48. Ng2 a5 49. bxa5 bxa5 50. Nf4 Kh6 51. a4 Qe1+ 52. Kg2 Bd6 53. Nd5
Qe5 54. Qd2+ g5 55. Nxf6 Bc5 56. Nd5 Qe4+ 57. f3 Qe5 58. Qxg5+ Qxg5 59. hxg5+
Kxg5 60. Kf1 Bd7 61. Ke2 Bd6 62. Kf2 Bc5+ 63. Ke2 Bd6 1/2-1/2

[Event "32. Abierto Ciudad de Sevilla"]
[Site "Sevilla ESP"]
[Date "2007.01.14"]
[Round "8.9"]
[White "Krivoshey, Sergei"]
[Black "Pogorelov, Ruslan"]
[Result "0-1"]
[WhiteElo "2496"]
[BlackElo "2441"]
[PlyCount "70"]
[EventDate "2007.01.07"]
[EventType "swiss"]
[EventRounds "9"]
[EventCountry "ESP"]
[Source "lmi"]
[SourceDate "2007.01.07"]

1. d4 Nf6 2. c4 e6 3. Nc3 Bb4 4. e3 O-O 5. Bd3 c5 6. Nf3 d5 7. O-O dxc4 8. Bxc4
cxd4 9. exd4 b6 10. Bg5 Bb7 11. Rc1 Nbd7 12. Re1 Rc8 13. Qb3 Be7 14. Bxf6 Bxf6
15. Nb5 Bxf3 16. Qxf3 a6 17. Nd6 Rc7 18. Nxf7 Rxf7 19. Bxe6 Nf8 20. Rxc7 Qxc7
21. Bxf7+ Qxf7 22. Rd1 Qxa2 23. b3 Qa5 24. g3 Qb5 25. d5 a5 26. Rc1 Qd7 27. Qe4
Be7 28. Rc6 Bc5 29. Kg2 h6 30. f4 Qg4 31. Rc7 h5 32. Qf3 Qf5 33. h3 h4 34. gxh4
Ng6 35. Kf1 Nxf4 0-1

[Event "32. Abierto Ciudad de Sevilla"]
[Site "Sevilla ESP"]
[Date "2007.01.14"]
[Round "8.11"]
[White "Narciso Dublan, Marc"]
[Black "Aranaz Portugues, Jose Carlos"]
[Result "1-0"]
[WhiteElo "2537"]
[BlackElo "2180"]
[PlyCount "77"]
[EventDate "2007.01.07"]
[EventType "swiss"]
[EventRounds "9"]
[EventCountry "ESP"]
[Source "lmi"]
[SourceDate "2007.01.07"]

1. d4 g6 2. e4 Bg7 3. c3 d5 4. exd5 Qxd5 5. Be2 c6 6. Nf3 Nf6 7. O-O O-O 8. Re1
Nbd7 9. c4 Qa5 10. Bf1 Re8 11. Nc3 Nf8 12. Qb3 Qb6 13. Qxb6 axb6 14. h3 h6 15.
Be3 Be6 16. Rad1 Bc8 17. g4 g5 18. a3 N6d7 19. Ne4 Ra4 20. Bc1 Nf6 21. Nc3 Ra8
22. d5 Ng6 23. dxc6 bxc6 24. Bg2 e5 25. Nd2 Re6 26. Nde4 Ba6 27. c5 Nxe4 28.
Nxe4 Nf4 29. cxb6 Nxg2 30. Kxg2 Bc4 31. Rd7 Bf8 32. Be3 Bd5 33. f3 Bxe4 34.
fxe4 c5 35. b7 Rb8 36. b4 Rb6 37. Rc1 Ra6 38. bxc5 Rxa3 39. Bf2 1-0

[Event "32. Abierto Ciudad de Sevilla"]
[Site "Sevilla ESP"]
[Date "2007.01.14"]
[Round "8.13"]
[White "Sgnaolin, Davide"]
[Black "Lariño Nieto, David"]
[Result "1-0"]
[WhiteElo "2153"]
[BlackElo "2450"]
[PlyCount "155"]
[EventDate "2007.01.07"]
[EventType "swiss"]
[EventRounds "9"]
[EventCountry "ESP"]
[Source "lmi"]
[SourceDate "2007.01.07"]

1. e4 e6 2. d4 d5 3. Nd2 Nf6 4. e5 Nfd7 5. Ngf3 c5 6. c3 Nc6 7. Bd3 cxd4 8.
cxd4 f6 9. exf6 Nxf6 10. O-O Bd6 11. b3 O-O 12. Bb2 Qb6 13. Re1 e5 14. dxe5 Ng4
15. Rf1 Ncxe5 16. Bd4 Nxf3+ 17. Nxf3 Qd8 18. h3 Nh6 19. Rc1 Bf4 20. Rc5 Be6 21.
Re1 Qd7 22. Be5 Bxe5 23. Nxe5 Qd6 24. Qc2 Bf5 25. Bxf5 Nxf5 26. Nf3 Rad8 27.
Rd1 Kh8 28. Rcxd5 Qxd5 29. Rxd5 Rxd5 30. Ng5 h6 31. Ne6 Re8 32. Nf4 Nd4 33.
Ng6+ Kh7 34. Nf8+ Kg8 35. Qc4 Red8 36. Ng6 Kh7 37. Ne7 Rg5 38. Qd3+ Kh8 39. Kh2
a5 40. Qe4 b5 41. f4 Rc5 42. Ng6+ Kg8 43. Qe7 Rcc8 44. Ne5 Rf8 45. Ng6 Rf7 46.
Qe5 Rd8 47. Ne7+ Kh8 48. Qc7 Re8 49. Ng6+ Kg8 50. Qb6 Nf5 51. Ne5 Rf6 52. Qxb5
Nd6 53. Qd5+ Kh7 54. Ng4 Rg6 55. f5 Rxg4 56. hxg4 Ne4 57. Qxa5 Nf6 58. Qb5 Re3
59. Qb4 Re4 60. Qc3 Nxg4+ 61. Kg1 h5 62. a4 Re3 63. Qb4 Re2 64. Kf1 Rf2+ 65.
Kg1 Re2 66. g3 Re3 67. Kg2 Re2+ 68. Kf3 Re3+ 69. Kf4 Nf6 70. Kxe3 Nd5+ 71. Kd4
Nxb4 72. Kc4 Nc6 73. b4 Ne7 74. a5 Nxf5 75. a6 Nd6+ 76. Kc5 Nc8 77. b5 g5 78.
b6 1-0

[Event "32. Abierto Ciudad de Sevilla"]
[Site "Sevilla ESP"]
[Date "2007.01.14"]
[Round "8.15"]
[White "Fenollar Jorda, Manuel"]
[Black "Robles Garcia, Claudia"]
[Result "0-1"]
[WhiteElo "2307"]
[BlackElo "2089"]
[PlyCount "104"]
[EventDate "2007.01.07"]
[EventType "swiss"]
[EventRounds "9"]
[EventCountry "ESP"]
[Source "lmi"]
[SourceDate "2007.01.07"]

1. d4 Nf6 2. Nf3 c5 3. c3 Qc7 4. e3 g6 5. Bd3 Bg7 6. O-O O-O 7. a3 d6 8. b4 Be6
9. Bb2 a6 10. Nbd2 b6 11. Qe2 Bd5 12. e4 Bb7 13. bxc5 bxc5 14. d5 Nbd7 15. Rab1
Nh5 16. g3 Ndf6 17. c4 Bc8 18. Kg2 Rb8 19. e5 Ng4 20. exd6 exd6 21. Bxg7 Nxg7
22. Rxb8 Qxb8 23. Qd1 Bf5 24. Bxf5 Nxf5 25. Re1 Re8 26. h3 Nf6 27. g4 Ng7 28.
Nb3 h5 29. g5 Nd7 30. Na5 Nf5 31. Nc6 Qc8 32. Qb1 Kf8 33. Qb2 Kg8 34. Qc3 Nb8
35. Na5 Nd7 36. a4 Rxe1 37. Qxe1 Qd8 38. Kf1 Nb6 39. Nc6 Qd7 40. a5 Nxc4 41.
Qc3 Ne5 42. Ncxe5 dxe5 43. Qxc5 e4 44. Nd2 Nd6 45. Kg2 Qe7 46. h4 Qd7 47. Nf1
Qg4+ 48. Ng3 Nf5 49. Qc8+ Kh7 50. Qc7 Nxh4+ 51. Kh2 Qf3 52. Kh3 Qg2+ 0-1

[Event "32. Abierto Ciudad de Sevilla"]
[Site "Sevilla ESP"]
[Date "2007.01.14"]
[Round "8.16"]
[White "Jimenez De La Torre, Jose Antonio"]
[Black "Jimenez Hernandez, Cayetano"]
[Result "0-1"]
[WhiteElo "2145"]
[BlackElo "2229"]
[PlyCount "56"]
[EventDate "2007.01.07"]
[EventType "swiss"]
[EventRounds "9"]
[EventCountry "ESP"]
[Source "lmi"]
[SourceDate "2007.01.07"]

1. e4 c5 2. Nf3 d6 3. d4 cxd4 4. Nxd4 Nf6 5. Nc3 a6 6. Bg5 e6 7. f4 Qc7 8. Qf3
b5 9. Bd3 Nbd7 10. O-O-O b4 11. Nd5 exd5 12. exd5 Bb7 13. Rhe1+ Kd8 14. Qe4 Qc5
15. Qe8+ Kc7 16. Qxf7 Qxd4 17. Be4 Qc5 18. Bxf6 gxf6 19. Bf5 Rd8 20. Re8 Bh6
21. Rxh8 Bxf4+ 22. Kb1 Rxh8 23. Bxd7 Kb6 24. Be6 Be5 25. a4 a5 26. Bg4 b3 27.
Bf5 bxc2+ 28. Bxc2 Qb4 0-1

[Event "32. Abierto Ciudad de Sevilla"]
[Site "Sevilla ESP"]
[Date "2007.01.14"]
[Round "8.17"]
[White "Oliva Del Amo, Antonio Jose"]
[Black "Prados Montaño, Antonio"]
[Result "1/2-1/2"]
[WhiteElo "2133"]
[BlackElo "2208"]
[PlyCount "64"]
[EventDate "2007.01.07"]
[EventType "swiss"]
[EventRounds "9"]
[EventCountry "ESP"]
[Source "lmi"]
[SourceDate "2007.01.07"]

1. b3 e5 2. Bb2 d6 3. g3 Nc6 4. Bg2 Nge7 5. c4 g6 6. Nc3 Bg7 7. e3 O-O 8. Nge2
Be6 9. O-O Qd7 10. d4 exd4 11. exd4 Bg4 12. Qd2 Bh3 13. d5 Bxg2 14. Kxg2 Ne5
15. f4 Ng4 16. Ne4 Qf5 17. N2c3 Rae8 18. Rae1 Nf6 19. Nxf6+ Bxf6 20. Re2 Qg4
21. Rfe1 Nf5 22. Rxe8 Nh4+ 23. Kh1 Qf3+ 24. Kg1 Bd4+ 25. R8e3 Nf5 26. Nd1 Bb6
27. Qe2 Qe4 28. Bc1 Re8 29. Qf2 Nxe3 30. Bxe3 Ba5 31. Bd2 Qxe1+ 32. Bxe1 Bb6
1/2-1/2

[Event "32. Abierto Ciudad de Sevilla"]
[Site "Sevilla ESP"]
[Date "2007.01.14"]
[Round "8.18"]
[White "Ramos Suria, Felix"]
[Black "Matamoros Franco, Carlos S"]
[Result "0-1"]
[WhiteElo "2098"]
[BlackElo "2540"]
[PlyCount "42"]
[EventDate "2007.01.07"]
[EventType "swiss"]
[EventRounds "9"]
[EventCountry "ESP"]
[Source "lmi"]
[SourceDate "2007.01.07"]

1. e4 e6 2. d4 d5 3. e5 c5 4. c3 Nc6 5. Nf3 Bd7 6. dxc5 Bxc5 7. Bd3 f6 8. Bf4
g5 9. Bg3 g4 10. Nfd2 Nxe5 11. Bxe5 fxe5 12. Qxg4 Nf6 13. Qh4 Qe7 14. Bg6+ Kd8
15. Bc2 Rg8 16. O-O Ng4 17. Qxe7+ Kxe7 18. Nb3 Bb6 19. N1d2 Raf8 20. c4 Bxf2+
21. Kh1 Ne3 0-1

[Event "32. Abierto Ciudad de Sevilla"]
[Site "Sevilla ESP"]
[Date "2007.01.14"]
[Round "8.19"]
[White "Movsziszian, Karen"]
[Black "Gentes Benito, Mauricio"]
[Result "1-0"]
[WhiteElo "2445"]
[BlackElo "2066"]
[PlyCount "120"]
[EventDate "2007.01.07"]
[EventType "swiss"]
[EventRounds "9"]
[EventCountry "ESP"]
[Source "lmi"]
[SourceDate "2007.01.07"]

1. g3 Nf6 2. Bg2 g6 3. d4 Bg7 4. e4 d6 5. Nc3 O-O 6. Nge2 e5 7. h3 Nc6 8. Be3
exd4 9. Nxd4 Nxd4 10. Bxd4 Re8 11. O-O Be6 12. Re1 Qc8 13. Kh2 a5 14. a4 Rb8
15. f4 b6 16. Qd3 Nh5 17. f5 Bd7 18. Bxg7 Nxg7 19. Nd5 Re5 20. f6 Nh5 21. Ne7+
Rxe7 22. fxe7 Qe8 23. e5 Qxe7 24. exd6 Qxd6 25. Qxd6 cxd6 26. Red1 Be6 27. Rxd6
b5 28. axb5 Rxb5 29. b3 Rc5 30. c4 Re5 31. Rd3 Nf6 32. Rd8+ Kg7 33. Ra8 Re3 34.
Rb8 Nh5 35. Rxa5 Nxg3 36. c5 Nh5 37. c6 Nf4 38. b4 Re2 39. Kg3 Nxg2 40. c7 Ne1
41. Re8 Rg2+ 42. Kf4 Nd3+ 43. Ke3 Rg3+ 44. Kd2 Bxh3 45. Ra3 Bf5 46. b5 Rg2+ 47.
Ke3 Ne1 48. Rc3 Rb2 49. Kd4 Rxb5 50. Rxe1 Ra5 51. Re5 Rxe5 52. Kxe5 Bc8 53. Rb3
h5 54. Rb8 f6+ 55. Kd6 Bh3 56. Rd8 g5 57. Rd7+ Bxd7 58. Kxd7 h4 59. c8=Q Kg6
60. Ke6 h3 1-0

[Event "32. Abierto Ciudad de Sevilla"]
[Site "Sevilla ESP"]
[Date "2007.01.14"]
[Round "8.20"]
[White "Kononenko, Tatiana"]
[Black "Zamudio Diaz, Angel"]
[Result "1-0"]
[WhiteElo "2379"]
[BlackElo "2042"]
[PlyCount "73"]
[EventDate "2007.01.07"]
[EventType "swiss"]
[EventRounds "9"]
[EventCountry "ESP"]
[Source "lmi"]
[SourceDate "2007.01.07"]

1. d4 Nf6 2. c4 g6 3. Nc3 Bg7 4. e4 d6 5. Bd3 O-O 6. Nge2 Nc6 7. O-O Nh5 8. Be3
e5 9. d5 Ne7 10. c5 f5 11. cxd6 cxd6 12. f3 f4 13. Bf2 g5 14. Nc1 Nf6 15. Kh1
h5 16. Nb3 Ng6 17. Rc1 g4 18. Nb5 g3 19. Bg1 h4 20. h3 Nh7 21. Nc7 Ng5 22. Nxa8
Bxh3 23. Nc7 Bc8 24. Ne6 Bxe6 25. dxe6 h3 26. Rc2 hxg2+ 27. Rxg2 Nh4 28. Bc4
Kh7 29. Qd3 Qe8 30. Rh2 Qh5 31. Nd2 gxh2 32. Bxa7 Qg6 33. Rf2 Kh6 34. Rxh2 Kh5
35. Bb6 Bf6 36. Qf1 Be7 37. Bf2 1-0

[Event "32. Abierto Ciudad de Sevilla"]
[Site "Sevilla ESP"]
[Date "2007.01.14"]
[Round "8.21"]
[White "Romero Romero, Sebastian"]
[Black "Razmyslov, Alexander"]
[Result "0-1"]
[WhiteElo "2073"]
[BlackElo "2349"]
[PlyCount "68"]
[EventDate "2007.01.07"]
[EventType "swiss"]
[EventRounds "9"]
[EventCountry "ESP"]
[Source "lmi"]
[SourceDate "2007.01.07"]

1. e4 c5 2. Nf3 e6 3. d4 cxd4 4. Nxd4 Qb6 5. Nb5 a6 6. Be3 Qa5+ 7. N5c3 d6 8.
Nd2 Qc7 9. a4 Nd7 10. Be2 Ngf6 11. O-O b6 12. f4 Bb7 13. Bf3 h5 14. Qe2 Rc8 15.
Rad1 Be7 16. h3 h4 17. Rfe1 g6 18. Qf2 Kf8 19. Nb3 Kg7 20. Rd2 Qb8 21. e5 dxe5
22. fxe5 Nxe5 23. Bxb7 Qxb7 24. Bd4 Nc4 25. Rd3 Rh5 26. Rf3 e5 27. Ne4 Nxe4 28.
Rxf7+ Kg8 29. Rxe7 Qxe7 30. Rxe4 Qf7 31. Bxb6 Rf5 32. Qe2 Nxb6 33. Qxa6 Rc4 34.
a5 Rf1+ 0-1

[Event "32. Abierto Ciudad de Sevilla"]
[Site "Sevilla ESP"]
[Date "2007.01.14"]
[Round "8.22"]
[White "Quesada Aguilera, Antonio"]
[Black "Lanzani, Mario"]
[Result "0-1"]
[WhiteElo "2068"]
[BlackElo "2338"]
[PlyCount "54"]
[EventDate "2007.01.07"]
[EventType "swiss"]
[EventRounds "9"]
[EventCountry "ESP"]
[Source "lmi"]
[SourceDate "2007.01.07"]

1. d4 Nf6 2. Nf3 d5 3. c4 e6 4. Bg5 Bb4+ 5. Nc3 Nbd7 6. cxd5 exd5 7. e3 c5 8.
a3 Bxc3+ 9. bxc3 Qa5 10. Qb3 Ne4 11. Rc1 cxd4 12. exd4 Nxg5 13. Nxg5 O-O 14.
Be2 Re8 15. Rc2 Nb6 16. O-O Bf5 17. Ra2 Rac8 18. Bb5 Rxc3 19. Qb4 Qxb4 20. axb4
Ra8 21. Rfa1 Rb3 22. g4 Bxg4 23. Rxa7 Rxa7 24. Rxa7 Bc8 25. Be8 Kf8 26. Bxf7 h6
27. Ne4 Rb1+ 0-1

[Event "32. Abierto Ciudad de Sevilla"]
[Site "Sevilla ESP"]
[Date "2007.01.15"]
[Round "9.1"]
[White "Lopez Martinez, Josep Manuel"]
[Black "Van der Weide, Karel"]
[Result "1/2-1/2"]
[WhiteElo "2550"]
[BlackElo "2476"]
[PlyCount "54"]
[EventDate "2007.01.07"]
[EventType "swiss"]
[EventRounds "9"]
[EventCountry "ESP"]
[Source "lmi"]
[SourceDate "2007.01.07"]

1. e4 c5 2. Nf3 d6 3. d4 cxd4 4. Nxd4 Nf6 5. Nc3 a6 6. Be3 e5 7. Nb3 Be6 8. f3
h5 9. Qd2 Nbd7 10. O-O-O Rc8 11. Kb1 Be7 12. g3 Qc7 13. h4 b5 14. Nd5 Bxd5 15.
exd5 Nb6 16. Bxb6 Qxb6 17. Bh3 Rc4 18. Rhe1 O-O 19. Bf1 Rcc8 20. f4 Ng4 21. Bh3
Bf6 22. Bxg4 hxg4 23. f5 Rc4 24. Qe2 Rfc8 25. Rc1 e4 26. Qxg4 Qf2 27. Re2 e3
1/2-1/2

[Event "32. Abierto Ciudad de Sevilla"]
[Site "Sevilla ESP"]
[Date "2007.01.15"]
[Round "9.2"]
[White "Vehi Bach, Victor Manuel"]
[Black "Campora Sivori, Daniel"]
[Result "0-1"]
[WhiteElo "2368"]
[BlackElo "2510"]
[PlyCount "62"]
[EventDate "2007.01.07"]
[EventType "swiss"]
[EventRounds "9"]
[EventCountry "ESP"]
[Source "lmi"]
[SourceDate "2007.01.07"]

1. e4 d6 2. d4 Nf6 3. Nc3 g6 4. Be3 Bg7 5. Qd2 Ng4 6. Bg5 h6 7. Bh4 Nd7 8. f4
c5 9. d5 a6 10. h3 Ngf6 11. Nf3 b5 12. e5 b4 13. Nd1 Nh7 14. exd6 Ndf6 15. dxe7
Qxe7+ 16. Qe3 Nxd5 17. Bxe7 Nxe3 18. Nxe3 Bxb2 19. Rb1 Bc3+ 20. Kf2 Kxe7 21.
Nd5+ Kf8 22. Nxc3 bxc3 23. Rb3 Nf6 24. Bd3 Be6 25. Rb6 Kg7 26. Rc6 Rhc8 27.
Rxc8 Rxc8 28. Rb1 c4 29. Be2 Rc5 30. Rb4 a5 31. Rb8 Nd5 0-1

[Event "32. Abierto Ciudad de Sevilla"]
[Site "Sevilla ESP"]
[Date "2007.01.15"]
[Round "9.3"]
[White "Komljenovic, Davor"]
[Black "Rizouk, Aimen"]
[Result "1/2-1/2"]
[WhiteElo "2481"]
[BlackElo "2455"]
[PlyCount "71"]
[EventDate "2007.01.07"]
[EventType "swiss"]
[EventRounds "9"]
[EventCountry "ESP"]
[Source "lmi"]
[SourceDate "2007.01.07"]

1. c4 e5 2. g3 Nc6 3. Bg2 g6 4. Nc3 Bg7 5. d3 d6 6. Rb1 f5 7. e4 Nf6 8. exf5
Bxf5 9. b4 O-O 10. b5 Nd4 11. h3 c6 12. Nge2 d5 13. bxc6 bxc6 14. cxd5 Nxd5 15.
Nxd5 Nxe2 16. Qxe2 cxd5 17. O-O Qd6 18. Rb3 Rfb8 19. Ba3 Qd7 20. g4 Be6 21. Bb2
d4 22. Bxa8 Bxb3 23. axb3 Rxa8 24. Ra1 Rb8 25. Ra3 Qf7 26. Qd1 Bf8 27. b4 Rxb4
28. Bc1 Rb1 29. Qc2 Bxa3 30. Qxb1 Bxc1 31. Qxc1 Qe6 32. Qc7 a6 33. Qb7 Qf6 34.
Kg2 h5 35. Qd7 hxg4 36. hxg4 1/2-1/2

[Event "32. Abierto Ciudad de Sevilla"]
[Site "Sevilla ESP"]
[Date "2007.01.15"]
[Round "9.4"]
[White "Pogorelov, Ruslan"]
[Black "Burmakin, Vladimir"]
[Result "1/2-1/2"]
[WhiteElo "2441"]
[BlackElo "2568"]
[PlyCount "65"]
[EventDate "2007.01.07"]
[EventType "swiss"]
[EventRounds "9"]
[EventCountry "ESP"]
[Source "lmi"]
[SourceDate "2007.01.07"]

1. Nf3 d5 2. d4 c6 3. c4 e6 4. Nc3 dxc4 5. a4 Bb4 6. e3 b5 7. Bd2 a5 8. axb5
Bxc3 9. Bxc3 cxb5 10. b3 Bb7 11. bxc4 b4 12. Bb2 Nf6 13. Bd3 O-O 14. O-O Nbd7
15. Re1 Qc7 16. e4 e5 17. c5 Ba6 18. Rc1 exd4 19. c6 Ne5 20. Bxa6 Rxa6 21. Nxd4
Rb8 22. Qe2 Raa8 23. Nb5 Qe7 24. c7 Rc8 25. Red1 Ne8 26. Bxe5 Qxe5 27. Qc4 Qe6
28. Rd5 h6 29. h3 Qb6 30. Rd7 Qe6 31. Rd5 Qf6 32. Rd7 Qe6 33. Rd5 1/2-1/2

[Event "32. Abierto Ciudad de Sevilla"]
[Site "Sevilla ESP"]
[Date "2007.01.15"]
[Round "9.5"]
[White "Spraggett, Kevin"]
[Black "Fernandez Romero, Ernesto"]
[Result "1-0"]
[WhiteElo "2633"]
[BlackElo "2434"]
[PlyCount "83"]
[EventDate "2007.01.07"]
[EventType "swiss"]
[EventRounds "9"]
[EventCountry "ESP"]
[Source "lmi"]
[SourceDate "2007.01.07"]

1. e4 e6 2. d4 d5 3. Nc3 Bb4 4. e5 c5 5. a3 Bxc3+ 6. bxc3 Ne7 7. Nf3 Qa5 8. Bd2
Bd7 9. h4 Nbc6 10. h5 O-O-O 11. h6 gxh6 12. Bd3 Rdg8 13. Kf1 c4 14. Be2 Nf5 15.
a4 f6 16. exf6 Rg6 17. Nh4 Nxh4 18. Rxh4 Rxf6 19. Bxh6 Rg8 20. Qd2 Ne7 21. Bg5
Rf7 22. Bxe7 Rxe7 23. Bf3 b5 24. Qc1 Qxc3 25. axb5 Bxb5 26. Ra3 Qb4 27. Qa1 Kb8
28. Kg1 Qd6 29. Re3 Rg6 30. Re5 a6 31. Rf4 Ka7 32. Qe1 Rg5 33. Rxg5 Qxf4 34.
Rxd5 Rg7 35. Rc5 Qxd4 36. Rc8 e5 37. Ra8+ Kb6 38. c3 Qf4 39. Bd5 Rd7 40. g3 Qg4
41. Rb8+ Ka7 42. Rg8 1-0

[Event "32. Abierto Ciudad de Sevilla"]
[Site "Sevilla ESP"]
[Date "2007.01.15"]
[Round "9.6"]
[White "Gavrilov, Alexei"]
[Black "Dizdar, Goran"]
[Result "1/2-1/2"]
[WhiteElo "2465"]
[BlackElo "2541"]
[PlyCount "64"]
[EventDate "2007.01.07"]
[EventType "swiss"]
[EventRounds "9"]
[EventCountry "ESP"]
[Source "lmi"]
[SourceDate "2007.01.07"]

1. d4 Nf6 2. c4 e6 3. Nf3 Bb4+ 4. Bd2 c5 5. Bxb4 cxb4 6. a3 bxa3 7. Nxa3 O-O 8.
e3 b6 9. Be2 Bb7 10. O-O Qe7 11. Nb5 Na6 12. Qb3 d5 13. Rfc1 Rfc8 14. cxd5
Rxc1+ 15. Rxc1 Nxd5 16. Ne5 Nab4 17. Bf3 Rc8 18. Rxc8+ Bxc8 19. Bxd5 exd5 20.
Qc3 Be6 21. Nc6 Nxc6 22. Qxc6 h6 23. Nd6 Qd7 24. Qa8+ Kh7 25. Qf8 f6 26. h3 a5
27. f3 a4 28. e4 Qc7 29. Kh2 Qc1 30. Qe7 Qf4+ 31. Kh1 Qc1+ 32. Kh2 Qf4+ 1/2-1/2